Unique & Strangely Colored Lakes Quiz Stats

Quiz not verified by Sporcle

Challenge
Share
Tweet
Score 0/12 Timer 04:00
0 Plays Today
% Correct
Lake Hillier, Middle Island, Australia
64.6%
Peyto Lake, Alberta, Canada
64.6%
Hells of Beppu Beppu, Ōita, Japan
56.3%
Don Edwards San Francisco Bay National Wildlife Refuge, United States
33.3%
Laguna Colorada Potosí, Bolivia
27.1%
Lake Pukaki, South Island, New Zealand
20.8%
Lakes at Band-e Amir, Afghanistan
14.6%
Yamdrok Yumtso Lake Tibet, China
14.6%
Lake Kaindy, Kazakhstan
12.5%
Lake Retba Cap Vert, Senegal
8.3%
Pitch Lake - Trinidad (contains the world's largest natural asphalt deposit)
8.3%
Salt Lakes, Tozeur, Tunisia
6.3%

You're not logged in!

Compare scores with friends on all Sporcle quizzes.
Sign Up with Email
OR
Log In

You Might Also Like...

Show Comments

Extras

Top Quizzes Today


Score Distribution

Your Account Isn't Verified!

In order to create a playlist on Sporcle, you need to verify the email address you used during registration. Go to your Sporcle Settings to finish the process.